Estadísticas para Capitales de Europa

Haz click aquí para intentar la prueba.

Estadísticas generales

  • Esta prueba ha sido intentada 59 veces
  • La puntuación promedio es 32 de 45

Estadísticas de respuestas

HintRespuesta% Correcto
Andorra la bellaAndorra
100%
MadridEspaña
100%
LisboaPortugal
100%
BerlínAlemania
98%
BruselasBélgica
98%
ParísFrancia
98%
AmsterdamPaíses bajos
98%
LondresReino unido
98%
DublínIrlanda
96%
RomaItalia
94%
LuxemburgoLuxemburgo
92%
ReikiavikIslandia
90%
CopenhagueDinamarca
88%
San marinoSan marino
88%
OsloNoruega
82%
VarsoviaPolonia
82%
KievUcrania
82%
SofíaBulgaria
80%
AtenasGrecia
78%
BucarestRumanía
78%
EstocolmoSuecia
76%
MinskBielorrusia
71%
TallínEstonia
71%
BelgradoSerbia
71%
AnkaraTurquía
71%
VienaAustria
67%
ZagrebCroacia
67%
BudapestHungría
67%
RigaLetonia
67%
MonacoMónaco
67%
VilnaLituania
65%
TiranaAlbania
63%
PragaRepública checa
61%
ChisinauMoldavia
57%
BratislavaEslovaquia
53%
La valletaMalta
53%
BernaSuiza
53%
LiublianaEslovenia
51%
VaduzLiechtenstein
51%
NicosiaChipre
49%
SkopieMacedonia del norte
43%
VaticanoCiudad de vaticano
41%
PristinaMontenegro
20%
PodgoricaKosovo
18%
SarajevoBosnia y herzegobina
8%

Distribución de puntuación

Porcentaje por número respondido

Porcentaje de gente con cada puntuación

Historial de tus puntuaciones

No has intentado esta prueba.